The Rugby Championship - 10 or more tests as captain - Statistics

General Stats
  • This quiz has been taken 62 times
    16 since last reset
  • The average score is 3 of 10
Answer Stats
Country Tests as Captain Player % Correct
New Zealand 47 Richard McCaw
100%
South Africa 31 John Smit
86%
Australia 21 George Gregan
57%
South Africa 19 Jean De Villiers
36%
Australia 11 Stirling Mortlock
36%
Australia 18 John Eales
7%
Argentina 27 Agustin Creevy
0%
Argentina 10 Juan Martin Fernandez Lobbe
0%
New Zealand 21 Kieran Read
0%
Australia 20 Michael Hooper
0%
No matching quizzes found
Score Distribution
Percent of People with Each Score
Percentile by Number Answered
Your Score History
You have not taken this quiz since the last reset